[Event "Reykjavik Kvika op"]
[Site "Reykjavik"]
[Date "2022.04.12"]
[Round "9"]
[White "Signyjarson, Arnar Smari"]
[Black "Palsson, Oli"]
[Result "1-0"]
[WhiteElo "1565"]
[BlackElo "1295"]
[PlyCount "97"]
[EventDate "2022.04.06"]
[EventType "swiss"]
[EventRounds "9"]
[EventCountry "ISL"]
[SourceTitle "CBM 207 Extra"]
[Source "ChessBase"]
[SourceDate "2022.05.31"]
[SourceVersion "1"]
[SourceVersionDate "2022.05.31"]
[SourceQuality "1"]

1. e4 e5 2. Nf3 Nc6 3. d4 exd4 4. Nxd4 Nf6 5. Nc3 Bc5 6. Be3 Bxd4 7. Bxd4 Nxd4 8. Qxd4 d6 9. 0-0-0 0-0 10. f3 Be6 11. g4 a5 12. h4 Nd7 13. Be2 Qf6 14. Qe3 Ne5 15. g5 Qe7 16. f4 Nc4 17. Bxc4 Bxc4 18. Qd4 Be6 19. f5 c5 20. Qf2 Bc4 21. f6 Qe5 22. Nd5 Bxd5 23. exd5 Qe4 24. Rhe1 Qc4 25. fxg7 Rfe8 26. Rxe8+ Rxe8 27. b3 Re2 28. Qxf7+ Kxf7 29. Rf1+ Kxg7 30. bxc4 Re4 31. Rf6 Rxc4 32. Rxd6 Rxh4 33. Rb6 Rd4 34. Rxb7+ Kg6 35. Rd7 c4 36. Kb2 Kxg5 37. Kc3 Rd1 38. Rxh7 Rxd5 39. Rf7 Rc5 40. Kd4 Rc8 41. Ra7 Kf6 42. Rxa5 Ke6 43. a4 Kd6 44. Rh5 Ra8 45. a5 Kc6 46. Kxc4 Kb7 47. Kb5 Ka7 48. Rh7+ Kb8 49. Kb6 1-0

[Event "Reykjavik Kvika op"]
[Site "Reykjavik"]
[Date "2022.04.10"]
[Round "6"]
[White "Signyjarson, Arnar Smari"]
[Black "Kull, Florian"]
[Result "0-1"]
[WhiteElo "1565"]
[BlackElo "2138"]
[PlyCount "56"]
[EventDate "2022.04.06"]
[EventType "swiss"]
[EventRounds "9"]
[EventCountry "ISL"]
[SourceTitle "CBM 207 Extra"]
[Source "ChessBase"]
[SourceDate "2022.05.31"]
[SourceVersion "1"]
[SourceVersionDate "2022.05.31"]
[SourceQuality "1"]

1. e4 e6 2. d4 d5 3. Nc3 Bb4 4. exd5 exd5 5. Bd3 Nc6 6. a3 Bxc3+ 7. bxc3 Nf6 8. Bf4 0-0 9. Nf3 Re8+ 10. Be3 Bg4 11. h3 Bh5 12. 0-0 Ne4 13. c4 Qf6 14. cxd5 Nc3 15. Qd2 Nxd5 16. Bg5 Qd6 17. c4 Bxf3 18. gxf3 Nxd4 19. Bxh7+ Kxh7 20. Qxd4 Nb6 21. Qh4+ Kg8 22. Kh1 Qc6 23. Rg1 Qxf3+ 24. Kh2 Re4 25. Rg4 Rxg4 26. hxg4 Re8 27. Be7 Qf4+ 28. Kg1 Qe5 0-1

[Event "Akureyri Icelandic op"]
[Site "Akureyri"]
[Date "2019.05.27"]
[Round "4"]
[White "Gower, Sam"]
[Black "Signyjarson, Arnar Smari"]
[Result "1-0"]
[WhiteElo "2069"]
[BlackElo "1488"]
[PlyCount "83"]
[EventDate "2019.05.25"]
[EventType "swiss"]
[EventRounds "9"]
[EventCountry "ISL"]
[SourceTitle "CBM 190 Extra"]
[Source "ChessBase"]
[SourceDate "2019.07.15"]
[SourceVersion "1"]
[SourceVersionDate "2019.07.15"]
[SourceQuality "1"]

1. e4 e5 2. Nf3 Nc6 3. Nc3 Nf6 4. d4 exd4 5. Nxd4 d5 6. Bb5 Bd7 7. exd5 Nxd4 8. Bxd7+ Qxd7 9. Qxd4 Bd6 10. 0-0 0-0 11. h3 Rfe8 12. Rd1 c6 13. Be3 c5 14. Qd3 Rac8 15. b3 Be5 16. Rab1 Bxc3 17. Qxc3 b5 18. Qd3 a6 19. c4 b4 20. f3 Qd6 21. Re1 Nh5 22. Qd2 Ng3 23. Bf4 Qg6 24. Rxe8+ Rxe8 25. Re1 Rd8 26. Bxg3 Qxg3 27. Qe3 h6 28. Qe5 Qh4 29. Re4 Qg5 30. Qxg5 hxg5 31. Re7 Kf8 32. Rc7 Re8 33. Kf2 f5 34. Rxc5 f4 35. d6 Rd8 36. Rd5 Kf7 37. c5 Ke6 38. Rxg5 Kf6 39. Rd5 Ke6 40. Rd4 Rc8 41. d7 Rd8 42. c6 1-0

[Event "Reykjavik op"]
[Site "Reykjavik"]
[Date "2019.04.10"]
[Round "4"]
[White "Signyjarson, Arnar Smari"]
[Black "Andersson, Lars"]
[Result "0-1"]
[WhiteElo "1522"]
[BlackElo "2012"]
[PlyCount "106"]
[EventDate "2019.04.08"]
[EventType "swiss"]
[EventRounds "9"]
[EventCountry "ISL"]
[SourceTitle "CBM 189 Extra"]
[Source "ChessBase"]
[SourceDate "2019.06.03"]
[SourceVersion "1"]
[SourceVersionDate "2019.06.03"]
[SourceQuality "1"]

1. e4 c6 2. Nc3 d5 3. Nf3 Bg4 4. h3 Bxf3 5. Qxf3 Nf6 6. e5 Nfd7 7. d4 e6 8. a3 c5 9. dxc5 Nxe5 10. Qg3 Nbd7 11. Bb5 Nc6 12. b4 g6 13. 0-0 Bg7 14. Bg5 Qb8 15. Qd3 0-0 16. Rad1 Qe5 17. Bd2 Qf5 18. Qxf5 gxf5 19. f4 Nf6 20. Ne2 Ne4 21. c3 Rfd8 22. Bxc6 bxc6 23. Nd4 Rdc8 24. Be1 a5 25. Rf3 Ra6 26. g4 fxg4 27. hxg4 Rca8 28. f5 e5 29. b5 exd4 30. bxa6 dxc3 31. f6 Bxf6 32. Rxf6 Nxf6 33. Bxc3 Ne4 34. Bxa5 Nxc5 35. a7 Nd7 36. Rc1 c5 37. Re1 Rxa7 38. Re7 Rxa5 39. Rxd7 c4 40. Kf1 Kg7 41. Ke2 Kf6 42. g5+ Ke6 43. Rd8 Rxa3 44. Rh8 Rg3 45. Rxh7 Rxg5 46. Rh3 d4 47. Rf3 f5 48. Ke1 Ke5 49. Ke2 Ke4 50. Rf2 f4 51. Kd2 f3 52. Rf1 Rg2+ 53. Kd1 Ke3 0-1

[Event "Reykjavik op"]
[Site "Reykjavik"]
[Date "2018.03.10"]
[Round "5"]
[White "Helgadottir, Idunn"]
[Black "Signyjarson, Arnar Smari"]
[Result "0-1"]
[WhiteElo "1004"]
[BlackElo "1351"]
[PlyCount "80"]
[EventDate "2018.03.06"]
[EventType "swiss"]
[EventRounds "9"]
[EventCountry "ISL"]
[SourceTitle "CBM 183 Extra"]
[Source "ChessBase"]
[SourceDate "2018.04.19"]
[SourceVersion "1"]
[SourceVersionDate "2018.04.19"]
[SourceQuality "1"]

1. e4 e5 2. Nf3 Nc6 3. Bc4 Nf6 4. Ng5 d5 5. exd5 b5 6. Bxb5 Qxd5 7. Nc3 Qxg2 8. Rf1 Bb7 9. d4 Bb4 10. Bd2 0-0 11. Qe2 Nxd4 12. Qd3 Nxb5 13. Nxb5 Bxd2+ 14. Qxd2 Ba6 15. a4 c6 16. 0-0-0 cxb5 17. Rg1 Qc6 18. axb5 Bxb5 19. Rde1 Qa6 20. Qb4 Qa1+ 21. Kd2 Rfd8+ 22. Kc3 Qxe1+ 23. Rxe1 Nd5+ 24. Kb3 Nxb4 25. Kxb4 Rab8 26. Rxe5 f6 27. Rxb5 Rxb5+ 28. Kxb5 fxg5 29. c4 Rb8+ 30. Ka6 Rxb2 31. c5 Kf7 32. c6 Rb6+ 33. Kxa7 Rxc6 34. Kb7 Rc2 35. h4 gxh4 36. f4 h3 37. Kb6 h2 38. Kb5 h1Q 39. Kb4 Qb1+ 40. Ka3 Ra2# 0-1